Cine y filosofía : perspectivas filosóficas /

Đã lưu trong:
Chi tiết về thư mục
Tác giả khác: Pérez Chico, David (coordinador.)
Định dạng: eBook
Ngôn ngữ:Tiếng Tây Ban Nha
Được phát hành: Zaragoza : Prensas de la Universidad de Zaragoza, 2025.
Những chủ đề:
Truy cập trực tuyến:https://elibro.unach.elogim.com/es/lc/unach/titulos/292399
Các nhãn: Thêm thẻ
Không có thẻ, Là người đầu tiên thẻ bản ghi này!

MARC

LEADER 00000nam a2200000 i 4500
001 ELB292399
003 FINmELB
005 20260131102500.0
006 m o d |
007 cr cnu||||||||
008 260126s2025 sp o 001 0 spa d
020 |a 9791387705244  |q (e-book) 
035 |a (OCoLC)1574228491 
040 |a FINmELB  |b spa  |e rda  |c FINmELB 
050 4 |a PN1995  |b C56 2025 
080 |a 791.43:1 
082 0 4 |a 791.4301  |2 23 
245 0 0 |a Cine y filosofía :  |b perspectivas filosóficas /  |c David Pérez Chico (coordinador). 
264 1 |a Zaragoza :  |b Prensas de la Universidad de Zaragoza,  |c 2025. 
300 |a 1 recurso en línea (125 páginas) 
336 |a texto  |b txt  |2 rdacontent/spa 
337 |a computadora  |b c  |2 rdamedia/spa 
338 |a recurso en línea  |b cr  |2 rdacarrier/spa 
500 |a Incluye índice. 
588 |a Descripción basada en metadatos suministrados por el editor y otras fuentes. 
590 |a Recurso electrónico. Santa Fe, Arg.: elibro, 2026. Disponible vía World Wide Web. El acceso puede estar limitado para las bibliotecas afiliadas a elibro. 
650 4 |a Cine  |x Filosofía. 
650 4 |a Filosofía en el cine. 
650 4 |a Estética cinematográfica. 
655 4 |a Libros electrónicos. 
700 1 |a Pérez Chico, David,  |e coordinador. 
797 2 |a elibro, Corp. 
856 4 0 |u https://elibro.unach.elogim.com/es/lc/unach/titulos/292399